प्रतिनिधि कहानियाँ / (Record no. 50951)

MARC details
000 -LEADER
fixed length control field 01276nam a22003137a 4500
005 - DATE AND TIME OF LATEST TRANSACTION
control field 2010091802302.0
008 - FIXED-LENGTH DATA ELEMENTS--GENERAL INFORMATION
fixed length control field 100915t xxu||||| |||| 00| 0 hin d
010 ## - LCCN (DPL NO)
LC control number HIN-91996
020 ## - INTERNATIONAL STANDARD BOOK NUMBER
Terms of availability 300.00
International Standard Book Number 817900077x
035 ## - SYSTEM CONTROL NUMBER
System control number HN-64342
037 ## - SOURCE OF ACQUISITION
Source of stock number/acquisition DBAD / PUB
040 ## - CATALOGING SOURCE
Original cataloging agency DPL
Language of cataloging HN
082 ## - DEWEY DECIMAL CLASSIFICATION NUMBER
Classification number
100 ## - MAIN ENTRY--PERSONAL NAME
9 (RLIN) 20178
Personal name चोपडा, मोहन
110 ## - MAIN ENTRY--CORPORATE NAME
9 (RLIN) 26418
245 ## - TITLE STATEMENT
Title प्रतिनिधि कहानियाँ /
Statement of responsibility, etc मोहन चोपडा
246 ## - VARYING FORM OF TITLE
Title proper/short title Pratinidhi kahaniyan
Remainder of title by mohan chopra
260 ## - PUBLICATION, DISTRIBUTION, ETC. (IMPRINT)
Place of publication, distribution, etc नई दिल्ली
Name of publisher, distributor, etc एम. एन. पब्लिशर्स एण्ड डिस्ट्रीब्यूटर्स
Date of publication, distribution, etc 2011
270 ## - ADDRESS
Address W-112,ग्रेटर कैलाश-1,
City नई दिल्ली
Postal code 110048
300 ## - PHYSICAL DESCRIPTION
Extent 204पृ.
Dimensions 22सेमी (सजिल्द)
600 ## - SUBJECT ADDED ENTRY--PERSONAL NAME
9 (RLIN) 26453
Personal name लघु कथाएं हिन्दी
650 ## - SUBJECT ADDED ENTRY--TOPICAL TERM
9 (RLIN) 1159
Topical term or geographic name as entry element लघु कथाएँ, हिन्दी
650 ## - SUBJECT ADDED ENTRY--TOPICAL TERM
9 (RLIN) 26117
Topical term or geographic name as entry element Hindi Fiction
700 ## - ADDED ENTRY--PERSONAL NAME
9 (RLIN) 20179
700 ## - ADDED ENTRY--PERSONAL NAME
9 (RLIN) 20333
700 ## - ADDED ENTRY--PERSONAL NAME
9 (RLIN) 20540
942 ## - ADDED ENTRY ELEMENTS (KOHA)
Source of classification or shelving scheme Dewey Decimal Classification
Item type Hindi Books
Call number suffix चोपडा
Classification part
Holdings
Withdrawn status Lost status Source of classification or shelving scheme Damaged status Not for loan Collection code Home library Current library Date acquired Source of acquisition Cost, normal purchase price Total Checkouts Full call number Barcode Date last seen Copy number Cost, replacement price Koha item type
    Dewey Decimal Classification   Not For Loan Fiction D.B.Act.Division D.B.Act.Division 09/03/2011 d 300.00   क चोपडा, HN-64342 09/03/2011 1 300.00 Hindi Books

© Delhi Public Library
Hit Counter
free hit counter